Online
Catalog

Las Américas y un mundo en crisis / (Record no. 13473)

MARC details
000 -CABECERA
campo de control de longitud fija 00784cam a2200229 a 4500
001 - NÚMERO DE CONTROL
campo de control 000013866
005 - FECHA Y HORA DE LA ÚLTIMA TRANSACCIÓN
campo de control 20260219111624.0
008 - DATOS DE LONGITUD FIJA--INFORMACIÓN GENERAL
campo de control de longitud fija 721115s1946 nyu 000 0 spa
040 ## - FUENTE DE LA CATALOGACIÓN
Centro catalogador/agencia de origen DO-SdBNP
Lengua de catalogación spa
Centro/agencia transcriptor LC
Centro/agencia modificador BNPHU
082 ## - NÚMERO DE LA CLASIFICACIÓN DECIMAL DEWEY
Número de clasificación 327.7
Número de documento/Ítem W577a
049 ## - FONDOS LOCALES (OCLC)
Fondos de biblioteca BNGR
100 1# - ENTRADA PRINCIPAL--NOMBRE DE PERSONA
Nombre de persona Whitaker, Arthur Preston,
Fechas asociadas al nombre 1895-
9 (RLIN) 31401
245 14 - MENCIÓN DE TÍTULO
Título Las Américas y un mundo en crisis /
Mención de responsabilidad, etc. Arthur P. Whitaker ; traducción Ernesto Montenegro.
260 ## - PUBLICACIÓN, DISTRIBUCIÓN, ETC.
Lugar de publicación, distribución, etc. Nueva York :
Nombre del editor, distribuidor, etc. Lancaster Press,
Fecha de publicación, distribución, etc. 1946.
300 ## - DESCRIPCIÓN FÍSICA
Extensión 366 p. ;
Dimensiones 19 cm.
490 1# - MENCIÓN DE SERIE
Mención de serie Biblioteca Interamericana,
Designación de volumen o secuencia 15
650 #0 - PUNTO DE ACCESO ADICIONAL DE MATERIA--TÉRMINO DE MATERIA
Término de materia o nombre geográfico como elemento de entrada Panamericanismo
9 (RLIN) 7149
650 #0 - PUNTO DE ACCESO ADICIONAL DE MATERIA--TÉRMINO DE MATERIA
Término de materia o nombre geográfico como elemento de entrada Cooperación internacional
9 (RLIN) 1240
700 1# - PUNTO DE ACCESO ADICIONAL--NOMBRE DE PERSONA
Nombre de persona Montenegro, Ernesto,
Término indicativo de función/relación tr.
9 (RLIN) 31402
830 #0 - PUNTO DE ACCESO ADICIONAL DE SERIE-TÍTULO UNIFORME
Título uniforme Biblioteca Interamericana,
Designación de volumen o secuencia 15
9 (RLIN) 31403
910 ## - DATOS DE OPCIÓN DEL USUARIO (OCLC)
Datos de opción del usuario Catalogación por copia / LC
Holdings
Estado de retiro Estado de pérdida Restricciones de uso No para préstamo Código de colección Localización permanente Ubicación/localización actual Ubicación en estantería Fecha de adquisición Número de inventario Total de préstamos Signatura topográfica completa Código de barras Fecha visto por última vez Precio válido a partir de Tipo de ítem Koha
    Préstamo interno   Monografías: Libros y Folletos General General En catalogación 30.11.2009 LF1   327.7 W577a 13866-10 25.06.2020 25.06.2020 Préstamo interno

Powered by Koha